000 00347nam a2200133Ia 4500
005 20260326100041.0
008 260326s9999||||xx |||||||||||||| ||und||
100 _aWinckelmann, Johann Joachim
245 0 _aHistoria del Arte en la Antigüedad /
_cJohann Joachim Winckelmann
260 _bIberia
300 _a306 p.
650 _aARTE
942 _cBK
999 _c7005
_d7005